| 000 | 00818nas a2200241 4500 | ||
|---|---|---|---|
| 001 | BR0801884 | ||
| 003 | BR-BrBNA | ||
| 005 | 20231205111819.0 | ||
| 007 | ta | ||
| 008 | 230509b bl.|||p| |||| 00| 00por d | ||
| 040 |
_aBR-BrBNA _bpor _cBiblioteca Nacional de Agricultura |
||
| 072 | _aM40; L60 | ||
| 100 | 1 | _aRobert, M. de C. | |
| 100 | 1 | _aChaves, P. de T. C. | |
| 245 | 1 | _aObservações sobre o ciclo de vida da corvina Micropogonias furnieri (Desmarest)(Teleostei, Sciaenidae), no litoral do Estado do Paraná, Brasil | |
| 650 | _aPEIXE MARINHO | ||
| 650 | _aECOLOGIA ANIMAL | ||
| 650 | _aCORVINA | ||
| 650 | _aPARANÁ | ||
| 773 | 0 |
_tRevista Brasileira de Zoologia (Brazil) _xISSN 0101-8175 _g(Jun 2001), v. 18(2) p. 421-428 _wBR0801884 |
|
| 909 |
_a202311 _bLúcia _c55 _dLúcia Elande |
||
| 942 |
_2AGRIS _n0 _cANA |
||
| 999 |
_c194603 _d194603 |
||